| 000 | | | 03697nac2a22002411x 450 |
| 001 | | | dd50255d-e13b-44ba-907e-6b8a00c302b5 |
| 005 | | | 20131127101110.0 |
| 100 | ## | $a | 20130529l1906 k y0rusy50 ca |
| 101 | 0# | $a | rus |
| 102 | ## | $a | RU |
| 105 | ## | $a | y z ||||| |
| 200 | 1# | $a | Запись по подсчету голосов при баллотировке по выборам председателя и президиума I Государственной Думы произведена князем Н. Н. Долгоруковым |
| | $j | 1901 |
| 215 | ## | $a | 4 листа |
| 251 | ## | $c | Дело |
| 300 | ## | $a | Рукописный текст |
| 461 | #0 | $1 | 001b93987b0-497b-45ac-815e-da375216da3a |
| | $1 | 2001 |
| | $a | Муромцев Сергей Андреевич, юрист, публицист, земский деятель, председатель I государственной думы, профессор московского университета, член центрального комитета конституционно-демократической партии |
| | $1 | 251 |
| | $c | Фонд |
| | $1 | 852 |
| | $j | 575 |
| 462 | #0 | $1 | 001a66574ad-a41b-49dd-93cb-e232cbca1105 |
| | $1 | 2001 |
| | $a | Муромцев Сергей Андреевич |
| | $1 | 251 |
| | $c | Опись |
| | $1 | 852 |
| | $j | 1 |
| 600 | #1 | $a | Долгоруков |
| | $b | Н. Н. |
| | $c | кн. |
| 600 | #1 | $a | Муромцев |
| | $b | С. А. |
| | $f | 1850-1910 |
| | $g | Сергей Андреевич |
| 601 | 01 | $3 | RU\NLR\AUTH\8823402 |
| | $a | Россия |
| | $b | Государственная Дума |
| | $b | Созыв |
| | $c | 1 |
| 801 | #0 | $a | RU |
| | $b | GA_RF |
| 801 | #1 | $a | RU |
| | $b | НПО Опыт |
| | $c | 20130529 |
| | $2 | rusmarc |
| 801 | #2 | $a | RU |
| | $b | ПБ им. Б.Н. Ельцина |
| | $c | 20131127 |
| | $g | RCR |
| | $2 | rusmarc |
| 852 | ## | $a | ГА РФ |
| | $j | 9 |
| 937 | ## | $d | 42090526 |
| | $h | ПБ |
| 035 | ## | $a | RuPRLIB51000210 |